000 00972cam a2200205 4500
001 X113423
008 000000n2001 000 0 eng u
035 _a(Sirsi) u113423
100 _aOluwatudimu, A.
245 _aEnhancing your potential
260 _c2001
490 _aASI Journal
_v12(8) June 2001, 26-32(3)
520 _aLooks at the rising prominence of project management in construction industry and how project management skills are being used by construction professionals to maintain and improve their competitive edge. Outlines the project management process, recognition of its importance by construction industry bodies, the role and function of the Association for Project Management (APM) and CPD training opportunities. References.
650 _aASSOCIATION FOR PROJECT MANAGEMENT
650 _aCONSTRUCTION INDUSTRY
650 _aCONSTRUCTION PROFESSIONALS
650 _aPROJECT MANAGERS
690 _aProject management
_96261
942 _n0
999 _c67578
_d67578